000 00975nam a22003017a 4500
001 BR7305108
003 BR-BrBNA
005 20230928084103.0
007 ta
008 230509b bl.||||| |||| 00| 0 por d
040 _aBR-BrBNA
_bpor
_cBiblioteca Nacional de Agricultura
041 _a(Por)
072 _aL73
_b5300
_b4110
_b/G514
090 _ 5300 BR7305108
100 1 _aNogueira, R.H.G.
110 1 _aUniversidade Federal de Minas Gerais, Belo Horizonte (Brasil). Escola de Veterinaria
_0Tese (Mestre em Medicina Veterinaria)
245 1 _aPatologia pulmonar de suinos abatidos para consumo na cidade de Belo Horizonte, Minas Gerais [Brasil]
260 3 _aBelo Horizonte, MG (Brasil):
_c1973.
300 _a70 p.
500 _a19 illus.; 42 ref.; Summaries (Eng, Por)
650 _aDoenca animal
650 _aSuino
650 _aAparelho respiratorio
650 _aPulmao
650 _aInfeccao
909 _a202309
_bLucia
_c55
_dLucia Elande
942 _cBK
999 _c16794
_d16794